Statistics for Number 1 hits of 2018

Click here to take the quiz!

General Stats

  • This quiz has been taken 72 times
  • The average score is 7 of 12

Answer Stats

SingerSong% Correct
Camila Cabello Ft. Young ThugHavana
85%
Maroon 5 Ft. Cardi BGirls Like You
71%
Childish GambinoThis Is America
67%
Cardi B, Bad Bunny & J BalvinI Like It
64%
Ed SheeranPerfect
60%
XxxtentacionSad!
58%
DrakeGod's Plan
56%
Ariana GrandeThank U, Next
49%
Travis ScottSicko Mode
47%
Post Malone Ft. Ty Dolla $ignPsycho
36%
DrakeIn My Feelings
35%
DrakeNice For What
27%

Score Distribution

Percentile by Number Answered

Percent of People with Each Score

Your Score History

You have not taken this quiz